000 00332nam a2200145Ia 4500
008 230718s9999 xx 000 0 und d
041 _aEng.
082 _a343.54
_bCIM-C
100 _aCimpany Law
245 0 _aComplete company law
260 _aPakistan
_bSaleem Publisher
_c2013
300 _a926
650 _aLaw
999 _c30333
_d30333